000 00572nam a2200181Ia 4500
008 231221s9999 xx 000 0 und d
041 _aEnglish
082 _a658.1511 MAL;1 R
100 _aMalhotra, R K
245 0 _aFinancial management in the hotel and restaurant industry
250 _a1st ed.
260 _c1998
_bAnmol Publ.
_aNEW DELHI
300 _aviii+361
440 _aEncyclopaedia of Hotel Management and Tourism Series
650 _aFinancial,management,hotel,restaurant,industry
650 _aHotel management-Financial Management
942 _cHM
999 _c207903
_d207903